Statistiken für Länder im 1. Weltkrieg

Klicken Sie hier um das Quiz zu spielen!

Allgemein

  • Dieses Quiz wurde 1,830 mal gespielt
  • Das Durchschnittsergebnis liegt bei 14 aus 21

Antwortstatistiken

Tote Land % Korrekt
2'037'000Deutsches Kaiserreich
100%
2'254'369Russland
98%
1'397'800Frankreich
98%
1'494'200Österreich-Ungarn
98%
116'708Vereinigte Staaten
95%
960'036Vereinigtes Königreich
95%
651'000Italien
94%
58'637Belgien
80%
4'661Japan
79%
64'997Kanada
71%
450'000Serbien
67%
26'000Griechenland
65%
62'081Australien
62%
87'500Bulgarien
60%
335'706Rumänien
60%
771'844Osmanisches Reich
54%
7'222Portugal
51%
18'053Neuseeland
45%
9'592Südafrika
28%
13'325Montenegro
20%
1'570Neufundland
4%

Verteilung der Resultate

Perzentil nach korrekt beantworteten Fragen

Anzahl Personen mit jedem Resultat

Ihre Resultats-Entwicklung

Sie haben dieses Quiz noch nicht gespielt